000
00210nam a22000857a 4500
008
160630b xxu||||| |||| 00| 0 eng d
100
_9
1535
_a
Ramon
245
_a
Increase your Height
260
_a
N.D
_b
Parichay Overseas
999
_c
1268
_d
1268